El placer de leer y escribir: cuadernos de actividades de redacción
محفوظ في:
| المؤلفون الرئيسيون: | , , , , |
|---|---|
| التنسيق: | كتاب |
| اللغة: | الإسبانية |
| منشور في: |
San Juan
Plaza Mayor
2003
|
| الطبعة: | 1a. ed |
| الموضوعات: | |
| الوسوم: |
إضافة وسم
لا توجد وسوم, كن أول من يضع وسما على هذه التسجيلة!
|
MARC
| LEADER | 00000nam a2200000 a 4500 | ||
|---|---|---|---|
| 001 | UCJ1996 | ||
| 003 | CL-VaPUC | ||
| 008 | 061124e20030000PR |||||||||||||||||spa|d | ||
| 020 | |a 1563282437 | ||
| 082 | 0 | 4 | |a 808.0461 |b BAL |2 21 |
| 100 | 0 | |a Ballester, Irma |e author |9 502843 | |
| 700 | 0 | |a Cruz, Yasmine |e author |9 502844 | |
| 700 | 0 | |a Quintana, Hilda E |e author |9 502845 | |
| 700 | 0 | |a Santiago, Josué |e author |9 502846 | |
| 700 | 0 | |a Sarriera, Carmen M |e author |9 502847 | |
| 245 | 1 | 3 | |a El placer de leer y escribir: cuadernos de actividades de redacción |
| 250 | |a 1a. ed | ||
| 300 | |a 426 p | ||
| 942 | |c BK | ||
| 945 | |d 20061124 00:00:00 |a cmena | ||
| 260 | |a San Juan |b Plaza Mayor |c 2003 | ||
| 500 | |a Complementario con: El placer de leer y escribir: antología de lecturas | ||
| 650 | 0 | |a Redacción de textos |9 446760 | |
| 650 | 0 | |a Métodos de enseñanza |9 270413 | |
| 650 | 0 | |a Retórica |9 266620 | |
| 650 | 0 | |a Comprensión de lectura |9 307588 | |
| 583 | |a last modification |c 20061124 00:00:00 |k Rodrigo Vera | ||
| 999 | |c 318415 |d 318413 | ||
| 952 | |0 0 |1 0 |4 0 |6 808_046100000000000_BAL_2003 |7 0 |8 A |9 396191 |a FDOPOS |b FDOPOS |d 2019-11-22 |i 4301250 |o 808.0461 BAL 2003 |p 4301250 |r 2025-01-22 |w 2019-11-22 |y BK |k MLA | ||